Đánh giá hiệu suất xử lý một số chỉ tiêu của hệ thống xử lý nước thải tại Công ty cổ phần thuỷ sản Mê Kông : Luận văn tốt nghiệp Đại học. Chuyên ngành Khoa học Môi Trường
Nội dung luận văn phân tích một số chỉ tiêu chất lựơng nước thải chế biến thuỷ sản : pH, COD, chất rắn lơ lửng, Amoni, tổng Nitơ, tổng Coliforms. Xác định hiệu suất xử lý một số chỉ tiêu: COD, chất rắn lơ lửng, Amoni, tổng Nitơ của he...
Bewaard in:
| Hoofdauteur: | |
|---|---|
| Formaat: | Boek |
| Taal: | Undetermined |
| Gepubliceerd in: |
Cần Thơ
Đại học Cần Thơ
2010
|
| Onderwerpen: | |
| Tags: |
Voeg label toe
Geen labels, Wees de eerste die dit record labelt!
|
| Thư viện lưu trữ: | Trung tâm Học liệu Trường Đại học Cần Thơ |
|---|
| LEADER | 01417nam a2200217Ia 4500 | ||
|---|---|---|---|
| 001 | CTU_167964 | ||
| 008 | 210402s9999 xx 000 0 und d | ||
| 082 | |a 628.4 | ||
| 082 | |b Tr106 | ||
| 100 | |a Trần, Thị Thuý Trang | ||
| 245 | 0 | |a Đánh giá hiệu suất xử lý một số chỉ tiêu của hệ thống xử lý nước thải tại Công ty cổ phần thuỷ sản Mê Kông : | |
| 245 | 0 | |b Luận văn tốt nghiệp Đại học. Chuyên ngành Khoa học Môi Trường | |
| 245 | 0 | |c Trần Thị Thuý Trang ; Bùi Thị Nga , Đặng Văn Thanh | |
| 260 | |a Cần Thơ | ||
| 260 | |b Đại học Cần Thơ | ||
| 260 | |c 2010 | ||
| 520 | |a Nội dung luận văn phân tích một số chỉ tiêu chất lựơng nước thải chế biến thuỷ sản : pH, COD, chất rắn lơ lửng, Amoni, tổng Nitơ, tổng Coliforms. Xác định hiệu suất xử lý một số chỉ tiêu: COD, chất rắn lơ lửng, Amoni, tổng Nitơ của hệ thống xử lý nước thải. | ||
| 650 | |a Factory and trade waste,Sewerage,Chất thải công nghiệp,Nước thải | ||
| 650 | |x Purification,Purification,Sự làm sạch,Sự làm sạch | ||
| 904 | |i Hồng Cẩm, Năm | ||
| 980 | |a Trung tâm Học liệu Trường Đại học Cần Thơ | ||